00713nam a2200193Ia 4500001000700000003000500007008004100012010001100053040000900064100003600073245015900109260004100268300001000309502007700319650003300396650003400429650002900463700002700492Z_1742CHAP220113s1999 xx 000 0 und d a164834 cCHAP aTlalacalco Velázquez, Valerio aComportamiento productivo del cerdo castrado a diferentes etapas del proceso de la engorda /cpor Valerio Tlalacalco Velázquez y Pedro Vargas Galván aChapingo, Méx. :bEl autor,c1999 a67 h. aTesis (Ing. Agr. Esp. en Zootecnia) -- UACH. Departamento de Zootecnia aCastraciónxGanado porcino aGanado porcinoxCastración  aGanado porcinoxEngorda  aVargas Galván, Pedro